000 00571nam a22001937a 4500
005 20251108174715.0
008 250721s2009 xx 000 0 ara d
082 1 4 _a920.72/قرا
100 1 _aقراعة، سنية
_eمؤلف
245 1 0 _aنساء في التاريخ العربي /
264 1 _aالصفاة :
_bوزارة الإعلام - الكويت،
_c2009.
300 _a288 ص.
490 0 _aكتاب العربي
_v75
650 1 7 _aتاريخ العرب
650 1 7 _aالتراجم
650 1 7 _aالمراه
942 _2ddc
_cBK
999 _c116003
_d116003